[Event "CRO-chT2 Center 26th"]
[Site "Croatia"]
[Date "2017.04.09"]
[Round "6.14"]
[White "Nemec, Vjekoslav"]
[Black "Margitic, Zdravko"]
[Result "0-1"]
[WhiteElo "2176"]
[BlackElo "2082"]
[PlyCount "76"]
[EventDate "2017.03.26"]
[EventType "team-tourn"]
[EventRounds "11"]
[EventCountry "CRO"]
[SourceTitle "EXT 2019"]
[Source "ChessBase"]
[SourceDate "2018.10.10"]
[SourceVersion "1"]
[SourceVersionDate "2018.10.10"]
[SourceQuality "1"]

1. e4 e5 2. Nf3 Nc6 3. d4 exd4 4. Nxd4 Bc5 5. Be3 Bb6 6. Nc3 Nge7 7. Bc4 0-0 8. 0-0 d6 9. Re1 Ng6 10. Nd5 Nce5 11. Nxb6 axb6 12. Be2 d5 13. exd5 Qxd5 14. Nb5 Qc6 15. Nd4 Qf6 16. Nb5 Rd8 17. Qc1 Qc6 18. a4 Nh4 19. f3 Qg6 20. Bg5 Bh3 21. Qf4 Nxg2 22. Qxe5 Nxe1 23. Rxe1 f6 24. Bc4+ Kh8 25. Qg3 Qxg5 26. Qxg5 fxg5 27. Bd3 c6 28. Nc3 Re8 29. Ra1 b5 30. a5 Rf8 31. Ne4 h6 32. Nd6 Rab8 33. Be2 Be6 34. Kg2 Bd5 35. Rd1 g4 36. Rxd5 cxd5 37. Nxb5 Rbe8 38. Nd4 Rf4 0-1

[Event "CRO-chT2 Center 25th"]
[Site "Croatia"]
[Date "2016.04.17"]
[Round "5.53"]
[White "Ivekovic, Tihana"]
[Black "Margitic, Zdravko"]
[Result "1/2-1/2"]
[WhiteElo "2107"]
[BlackElo "2086"]
[PlyCount "116"]
[EventDate "2016.03.13"]
[EventType "team-tourn"]
[EventRounds "11"]
[EventCountry "CRO"]
[SourceTitle "EXT 2019"]
[Source "ChessBase"]
[SourceDate "2018.10.10"]
[SourceVersion "1"]
[SourceVersionDate "2018.10.10"]
[SourceQuality "1"]

1. d4 d5 2. c4 e6 3. Nf3 Nf6 4. Nc3 Be7 5. Bf4 0-0 6. e3 b6 7. cxd5 Nxd5 8. Nxd5 exd5 9. Bd3 h6 10. 0-0 c5 11. Rc1 Nc6 12. Bb1 Be6 13. Qd3 f5 14. Ne5 Nxe5 15. Bxe5 c4 16. Qe2 Bd6 17. f4 Bxe5 18. fxe5 Qg5 19. Rf4 Rf7 20. Rcf1 Raf8 21. Qc2 Qe7 22. g4 g6 23. Kh1 Qg5 24. Qa4 fxg4 25. Qc6 g3 26. hxg3 Qh5+ 27. Kg1 Qh3 28. R1f3 Rxf4 29. exf4 Kg7 30. f5 Bxf5 31. Bxf5 Rxf5 32. Qd7+ Kh8 33. Qxd5 Qg4 34. Qa8+ Kg7 35. Qxa7+ Kh8 36. Qb8+ Kh7 37. Qb7+ Kh8 38. Rxf5 Qxg3+ 39. Qg2 Qxg2+ 40. Kxg2 gxf5 41. d5 Kg7 42. d6 Kf7 43. d7 Ke7 44. e6 b5 45. a3 h5 46. Kg3 Kd8 47. Kf4 h4 48. Kxf5 h3 49. Kf6 h2 50. e7+ Kxd7 51. Kf7 h1Q 52. e8Q+ Kd6 53. Qb8+ Kc5 54. Qa7+ Kd6 55. Qe7+ Kc6 56. Qe8+ Kb6 57. Qd8+ Kb7 58. Qe7+ Kb6 1/2-1/2

[Event "CRO-chT2 Center 25th"]
[Site "Croatia"]
[Date "2016.03.13"]
[Round "2.44"]
[White "Havas, Ladislav"]
[Black "Margitic, Zdravko"]
[Result "1-0"]
[WhiteElo "2251"]
[BlackElo "2086"]
[PlyCount "117"]
[EventDate "2016.03.13"]
[EventType "team-tourn"]
[EventRounds "11"]
[EventCountry "CRO"]
[SourceTitle "EXT 2019"]
[Source "ChessBase"]
[SourceDate "2018.10.10"]
[SourceVersion "1"]
[SourceVersionDate "2018.10.10"]
[SourceQuality "1"]

1. d4 d5 2. c4 e6 3. Nc3 Nf6 4. cxd5 exd5 5. Bg5 Be7 6. e3 0-0 7. Bd3 h6 8. Bh4 Be6 9. Nge2 Nbd7 10. 0-0 c5 11. dxc5 Nxc5 12. Bc2 Nfe4 13. Bxe7 Qxe7 14. Nb5 a6 15. Nbd4 Bd7 16. a3 Rac8 17. b4 Ne6 18. Nf5 Qd8 19. Bxe4 dxe4 20. Nd6 Ba4 21. Qxa4 Qxd6 22. Rad1 Qc6 23. Qxc6 Rxc6 24. Rd7 b5 25. Ng3 Rc3 26. Nxe4 Rxa3 27. Rb1 Rd8 28. Rxd8+ Nxd8 29. Nc5 Nc6 30. g4 Ne5 31. h3 Ra2 32. Kg2 g5 33. Kg3 Nc4 34. Rd1 Kg7 35. Rd7 Ne5 36. Ra7 Ra1 37. Kg2 Rb1 38. Ne6+ Kg8 39. Nd4 Rxb4 40. Rxa6 Rb1 41. Ra5 Ng6 42. Rxb5 Nh4+ 43. Kh2 Rf1 44. Rb2 Re1 45. Nf5 Nf3+ 46. Kg2 Ne5 47. Nxh6+ Kh7 48. Nf5 Rd1 49. Rb7 Kg6 50. Rb6+ Kh7 51. Rf6 Rd7 52. Ng3 Ng6 53. Ne4 Kg7 54. Rd6 Ra7 55. Nxg5 f5 56. Nf3 f4 57. e4 Ra4 58. e5 Ra3 59. h4 1-0

[Event "Velika Gorica op 11th"]
[Site "Velika Gorica"]
[Date "2013.08.22"]
[Round "4"]
[White "Margitic, Zdravko"]
[Black "Fercec, Nenad"]
[Result "0-1"]
[WhiteElo "2132"]
[BlackElo "2484"]
[PlyCount "74"]
[EventDate "2013.08.19"]
[EventType "swiss"]
[EventRounds "9"]
[EventCountry "CRO"]
[SourceTitle "CBM 156 Extra"]
[Source "ChessBase"]
[SourceDate "2013.10.22"]
[SourceVersion "1"]
[SourceVersionDate "2013.10.22"]
[SourceQuality "1"]

1. e4 d6 2. d4 g6 3. Bc4 Bg7 4. Ne2 e6 5. 0-0 Ne7 6. Bg5 h6 7. Be3 Nd7 8. Bb3 Nf6 9. Nd2 Ng4 10. Nf4 Nxe3 11. fxe3 0-0 12. c3 c5 13. Qf3 Bd7 14. Rad1 b5 15. dxc5 dxc5 16. c4 b4 17. e5 Nc6 18. Nd3 Nxe5 19. Nxe5 Bxe5 20. Ne4 Qc7 21. Qh3 Bc6 22. Bc2 Bxe4 23. Bxe4 Rad8 24. Qxh6 Rxd1 25. Rxd1 Bxb2 26. Qg5 Kg7 27. h3 Bf6 28. Qg4 a5 29. Bc2 Qe5 30. Qe4 Qxe4 31. Bxe4 a4 32. Bc6 b3 33. a3 b2 34. Kf1 Rd8 35. Rb1 Rd3 36. Bxa4 Rxa3 37. Bc6 Rxe3 0-1

[Event "CRO-Cup 20th"]
[Site "Sibenik"]
[Date "2011.05.21"]
[Round "5.73"]
[White "Margitic, Zdravko"]
[Black "Petrov, Jole"]
[Result "0-1"]
[WhiteElo "2121"]
[BlackElo "2433"]
[PlyCount "76"]
[EventDate "2011.05.18"]
[EventType "team-swiss"]
[EventRounds "6"]
[EventCountry "CRO"]
[SourceTitle "CBM 142 Extra"]
[Source "ChessBase"]
[SourceDate "2011.06.27"]
[SourceVersion "1"]
[SourceVersionDate "2011.06.27"]
[SourceQuality "1"]
[WhiteTeam "Zagreb Ericsson Tesla"]
[BlackTeam "Rijeka"]
[WhiteTeamCountry "CRO"]
[BlackTeamCountry "CRO"]

1. e4 c6 2. d4 d5 3. e5 Bf5 4. Bd3 Bxd3 5. Qxd3 e6 6. Ne2 c5 7. c3 Nc6 8. b3 Rc8 9. a3 Qb6 10. Nd2 Nh6 11. Rb1 Nf5 12. Nf3 Be7 13. 0-0 h5 14. a4 cxd4 15. Nexd4 Ncxd4 16. cxd4 Rc6 17. Bd2 Qa6 18. Qxa6 Rxa6 19. a5 Kd7 20. b4 Rc6 21. Rfc1 Rhc8 22. b5 Rxc1+ 23. Bxc1 Rc4 24. Be3 Rb4 25. Rxb4 Bxb4 26. a6 bxa6 27. bxa6 Be7 28. Bd2 Kc6 29. h3 Kb5 30. g4 hxg4 31. hxg4 Nh6 32. Nh2 Kxa6 33. f3 Kb5 34. Kf2 a5 35. Ke2 Bb4 36. Nf1 Kc4 37. Ke3 Bxd2+ 38. Nxd2+ Kc3 0-1

[Event "Zagreb op-B"]
[Site "Zagreb"]
[Date "2011.04.14"]
[Round "4"]
[White "Margitic, Zdravko"]
[Black "Sribar, Peter"]
[Result "0-1"]
[WhiteElo "2145"]
[BlackElo "2164"]
[PlyCount "68"]
[EventDate "2011.04.11"]
[EventType "swiss"]
[EventRounds "9"]
[EventCountry "CRO"]
[SourceTitle "CBM 141 Extra"]
[Source "ChessBase"]
[SourceDate "2011.05.03"]
[SourceVersion "1"]
[SourceVersionDate "2011.05.03"]
[SourceQuality "1"]

1. e4 c5 2. g3 Nc6 3. Bg2 g6 4. Nf3 Bg7 5. 0-0 e5 6. Nc3 Nge7 7. Nd5 Nxd5 8. exd5 Ne7 9. c4 d6 10. d3 0-0 11. Bd2 h6 12. Qc1 Kh7 13. Nh4 f5 14. f4 exf4 15. Bxf4 g5 16. Bxg5 hxg5 17. Qxg5 Bh6 18. Qh5 Qe8 19. Qe2 Bd7 20. Rae1 Bg5 21. Nf3 Bf6 22. h4 Qg6 23. Ng5+ Bxg5 24. hxg5 Rae8 25. Qd2 Rg8 26. Bf3 Qxg5 27. Qh2+ Qh6 28. Qg2 Ng6 29. Be2 Qe3+ 30. Kh2 Qh6+ 31. Kg1 Ne5 32. Bd1 Nxd3 33. Rxe8 Rxe8 34. Bc2 Qe3+ 0-1

[Event "CRO-Cup 19th"]
[Site "Sibenik"]
[Date "2010.05.19"]
[Round "1"]
[White "Margitic, Zdravko"]
[Black "Krstic, Uros"]
[Result "0-1"]
[WhiteElo "2141"]
[BlackElo "2387"]
[PlyCount "72"]
[EventDate "2010.05.19"]
[EventType "team-tourn"]
[EventRounds "6"]
[EventCountry "CRO"]
[SourceTitle "CBM 136 Extra"]
[Source "ChessBase"]
[SourceDate "2010.07.02"]
[SourceVersion "2"]
[SourceVersionDate "2010.07.15"]
[SourceQuality "1"]

1. e4 c6 2. d4 d5 3. exd5 cxd5 4. Bd3 Nc6 5. c3 g6 6. Bf4 Nf6 7. Nf3 Bg7 8. 0-0 Bf5 9. Bxf5 gxf5 10. Nh4 e6 11. Re1 0-0 12. Nd2 Ne7 13. Re3 Ng6 14. Nxg6 hxg6 15. Rh3 Nh5 16. Qf3 Re8 17. g4 Nxf4 18. Qxf4 e5 19. dxe5 Bxe5 20. Qh6 fxg4 21. Qh7+ Kf8 22. Re3 Qf6 23. Qh6+ Kg8 24. Rae1 Re7 25. Nb3 Bf4 26. Qxf4 Qxf4 27. Rxe7 Kg7 28. Nd4 Kf6 29. Rxb7 Rh8 30. Ree7 Qxh2+ 31. Kf1 Rh7 32. Re3 Rh6 33. Ree7 Rh7 34. Re3 Qf4 35. Ke2 Rh2 36. Rxa7 Qxf2+ 0-1

[Event "CRO-chT2 Center"]
[Site "Zagreb"]
[Date "2010.03.28"]
[Round "3.53"]
[White "Margitic, Zdravko"]
[Black "Matic, Zeljko"]
[Result "1/2-1/2"]
[WhiteElo "2141"]
[BlackElo "2181"]
[PlyCount "106"]
[EventDate "2010.03.21"]
[EventType "team-tourn"]
[EventRounds "11"]
[EventCountry "CRO"]
[SourceTitle "EXT 2012"]
[Source "ChessBase"]
[SourceDate "2011.11.24"]
[SourceVersion "1"]
[SourceVersionDate "2011.11.24"]
[SourceQuality "1"]

1. e4 c5 2. Nf3 d6 3. g3 Nc6 4. Bg2 e5 5. 0-0 g6 6. c3 Bg7 7. Na3 Nge7 8. Nc2 0-0 9. d4 exd4 10. cxd4 Bg4 11. dxc5 dxc5 12. Ne3 Qxd1 13. Rxd1 Bxf3 14. Bxf3 Nd4 15. Bg2 Rad8 16. Bd2 Rd7 17. Kf1 Rfd8 18. Nd5 Nxd5 19. exd5 Nf5 20. Bc3 Bxc3 21. bxc3 Nd6 22. a4 Re7 23. Re1 Rde8 24. Rxe7 Rxe7 25. Ra2 Kf8 26. h4 h5 27. Bf3 Ke8 28. Be2 Kd7 29. f3 Nf5 30. Kf2 Kd6 31. Rd2 Re5 32. c4 Re7 33. Rb2 Kc7 34. Bd3 Nd6 35. g4 Re5 36. gxh5 Rxh5 37. Kg3 Re5 38. Kf2 b6 39. Re2 Rxe2+ 40. Kxe2 Kd7 41. Ke3 Ke7 42. Kf4 Kf6 43. Kg4 Kg7 44. h5 gxh5+ 45. Kxh5 f6 46. Kg4 Kf7 47. Kf4 Ke7 48. Kg4 Nb7 49. Kh5 Nd6 50. Kg6 Nf7 51. f4 Nd6 52. Kg7 Nb7 53. Bf1 Nd6 1/2-1/2

[Event "CRO-chT2b"]
[Site "Croatia"]
[Date "2009.03.01"]
[Round "1"]
[White "Margitic, Zdravko"]
[Black "Babic, Zvonko"]
[Result "1-0"]
[WhiteElo "2161"]
[BlackElo "2122"]
[PlyCount "69"]
[EventDate "2009.03.01"]
[EventType "team-tourn"]
[EventRounds "11"]
[EventCountry "CRO"]
[SourceTitle "EXT 2010"]
[Source "ChessBase"]
[SourceDate "2010.11.25"]
[SourceVersion "1"]
[SourceVersionDate "2010.11.25"]
[SourceQuality "1"]

1. e4 c5 2. Nf3 d6 3. g3 g6 4. Bg2 Bg7 5. 0-0 e6 6. d4 cxd4 7. Nxd4 Ne7 8. Nb5 Be5 9. c4 a6 10. f4 Bxf4 11. Bxf4 axb5 12. cxb5 Qb6+ 13. Rf2 e5 14. Bg5 Be6 15. Nc3 f6 16. Bh6 Kf7 17. Qf3 Nd7 18. Be3 Qd8 19. Bg5 Ng8 20. Rd1 Kg7 21. Be3 h5 22. h3 Qe7 23. Rfd2 g5 24. Rxd6 g4 25. hxg4 hxg4 26. Qf2 Nh6 27. R6d2 Rhd8 28. Nd5 Bxd5 29. Rxd5 Nf8 30. Bxh6+ Kxh6 31. Qd2+ Kg6 32. Rxd8 Qc5+ 33. Qf2 Rxd8 34. Rxd8 Qc1+ 35. Bf1 1-0